Villes du Royaume-Uni avec le plus de Touristes - Statistiques

Statistiques générales
  • Ce quiz a été pris 20 336 fois
  • Le résultat moyen est 7 sur 15
Statistiques - réponses
# Visiteurs Ville % Correct
20,3 M Londres
100%
1,72 M Manchester
94%
900 000 Liverpool
86%
2,34 M Édimbourg
69%
934 000 Birmingham
58%
685 000 Glasgow
57%
313 000 Cardiff
53%
450 000 Oxford
43%
291 000 Leeds
39%
441 000 Brighton and Hove
35%
444 000 Cambridge
30%
569 000 Bristol
28%
276 000 York
19%
313 000 Bath
14%
285 000 Inverness
7%
Aucun quiz correspondant
Distribution des résultats
% des personnes avec chaque résultat
Percentile par nombre de réponses
Votre historique - résultats
Vous n’avez pas pris ce quiz